000 00692nam a2200289Ia 4500
005 20260324152435.0
008 008 260324s9999 xx 000 0 eng d
020 _a9780128096710
037 _aEBOOK
040 _aCRL
040 _beng
040 _cCRL
041 _2eng
041 _aeng
084 _qCRL
100 _aFetsch, AlexandraFetsch, Alexandra
_91228904
245 0 _aStaphylococcus aureus
260 _bElsevier
260 _c2017
650 _a Food Sciences
650 _aAgricultural
650 _aBiological
856 _uhttps://www.sciencedirect.com/science/book/9780128096710
942 _cEBOOK
999 _c1839506
_d1839506